000 00453nam a2200157Ia 4500
008 220204s9999 xx 000 0 und d
082 _a338.45:633.72(540)
_bKAR
100 _aKarmakar, K G
245 4 _aThe tea industry in India: A survey
260 _aMumbai
_bNational Bank for Agriculture & Rural Development
_c2005
490 _aOccasional paper.39
650 _aTea industry
650 _aTea marketing
650 _aTea research
942 _cBK
999 _c44204
_d44204